| 000 | 00000nas 2200000za 4500 |
| 001 | 9.827660 |
| 003 | CaOODSP |
| 005 | 20221107144847 |
| 007 | cr ||||||||||| |
| 008 | 161116d19601982oncar p oss f0###b0fre|d |
| 022 | |y0575-903X |
| 040 | |aCaOODSP|bfre |
| 041 | |aeng|afre |
| 043 | |an-cn--- |
| 086 | 1 |aCS41-228-PDF |
| 245 | 00|aMiscellaneous metal fabricating industries |h[ressource électronique]. |
| 246 | 13|aFabrication de produits métalliques divers|f1970-1982 |
| 246 | 13|aIndustrie des produits métalliques divers|f1968-1969 |
| 260 | |a[Ottawa] : |bDominion Bureau of Statistics, Industry and Merchandising Division, |c1963-1984. |
| 310 | |aAnnuel |
| 362 | 0 |a1960-1982. |
| 500 | |aÉdition numérisée de l’imprimé [par Statistique Canada]. |
| 520 | |a« Cette industrie comprend les établissements dont l'activité principale est la fabrication de produits en métal non-classés ailleurs tels que bourrelets étanches, articles de plomberie... »--Introduction, 1982. |
| 546 | |aTexte en anglais seulement, 1960-1967; texte en anglais et en français, 1968-1982. |
| 550 | |aPublié 1961-1964 par Industry Division; 1965-1969 par la Division des industries manufacturières et primaires; 1970-1978 par Statistique Canada, Division des industries manufacturières et primaires; 1979-1982 par la Section des machines, du bois et des produits en métal. |
| 580 | |aFusion d'une partie de Brass and copper products industry (1948); une partie de Miscellaneous iron and steel products industry (1948); une partie de Iron castings industry (1948); et de Miscellaneous non-ferrous metal products industry. |
| 692 | 07|2gccst|aIndustrie de la fabrication |
| 692 | 07|2gccst|aStatistique |
| 710 | 1 |aCanada. |bBureau fédéral de la statistique. |bDivision de l'industrie et du commerce. |
| 710 | 1 |aCanada. |bBureau fédéral de la statistique. |bDivision de l'industrie. |
| 710 | 1 |aCanada. |bBureau fédéral de la statistique. |bDivision des industries manufacturières et primaires. |
| 710 | 1 |aCanada. |bStatistique Canada. |bSection des machines, du bois et des produits en métal. |
| 710 | 1 |aCanada. |bStatistique Canada. |bDivision des industries manufacturières et primaires. |
| 785 | 00|tOther metal fabricating industries |w(CaOODSP)9.827669 |
| 791 | |tMiscellaneous metal fabricating industries |eeng|w(CaOODSP)9.827657 |